[Event "NAYCC U10 w"]
[Site "Windsor CAN"]
[Date "2016.08.10"]
[Round "7.154"]
[White "Gorti, Atmika"]
[Black "Wisniowski, Natalie"]
[Result "1-0"]
[WhiteElo "1576"]
[BlackElo "1333"]
[PlyCount "69"]
[EventDate "2016.08.07"]
[EventType "swiss"]
[EventRounds "9"]
[EventCountry "CAN"]

1. e4 c6 2. d4 d5 3. e5 Bf5 4. Nf3 Nd7 5. Be2 e6 6. O-O Ne7 7. c4 h6 8. Nc3 Bh7
9. b3 Ng6 10. Bd3 Be7 11. cxd5 cxd5 12. Nb5 a6 13. Nd6+ Bxd6 14. exd6 O-O 15.
Re1 Rc8 16. Ne5 Ndxe5 17. dxe5 Rc6 18. Ba3 Qd7 19. Rc1 Rfc8 20. Qe2 Kh8 21. g3
Rc3 22. Rxc3 Rxc3 23. Bb4 Rc8 24. Qd2 Rf8 25. Bxg6 Bxg6 26. Rc1 Rc8 27. Rxc8+
Qxc8 28. Qc3 Qd8 29. Qc7 Qxc7 30. dxc7 Kh7 31. c8=Q Bb1 32. Qxb7 Bxa2 33. Qxf7
Bxb3 34. Bf8 a5 35. Qxg7# 1-0

[Event "NAYCC U10 w"]
[Site "Windsor CAN"]
[Date "2016.08.10"]
[Round "7.155"]
[White "Pask, Katherine"]
[Black "Kaur, Aradh"]
[Result "1-0"]
[WhiteElo "1198"]
[BlackElo "1198"]
[PlyCount "121"]
[EventDate "2016.08.07"]
[EventType "swiss"]
[EventRounds "9"]
[EventCountry "CAN"]

1. e4 e5 2. Nf3 Nc6 3. Bc4 Be7 4. Nc3 d6 5. h3 Nf6 6. d3 h6 7. Be3 O-O 8. Qd2
b6 9. O-O Bb7 10. Nh2 Qd7 11. f4 exf4 12. Bxf4 Rae8 13. Nd5 Nxd5 14. Bxd5 Bf6
15. c3 Na5 16. Bxb7 Nxb7 17. Bxh6 Re6 18. Ng4 Qd8 19. Be3 Be7 20. Rf3 Bh4 21.
Raf1 Na5 22. Rf5 Be7 23. Qf2 Qe8 24. Bg5 Bxg5 25. Rxg5 f6 26. Rf5 Qe7 27. Rf3
Qd8 28. Qg3 Qe7 29. Rf5 Qd8 30. Rh5 Kf7 31. Rh7 Re7 32. Nh6+ Ke8 33. Rxg7 Rxg7
34. Qxg7 Qe7 35. Qg6+ Kd8 36. Ng8 Qf7 37. Qxf7 Rxf7 38. Nxf6 Ke7 39. Nd5+ Ke8
40. Rxf7 Kxf7 41. Nxc7 Ke7 42. Nd5+ Kd7 43. Kf2 Nb7 44. g4 Nc5 45. Nf6+ Ke6 46.
Nd5 Nxd3+ 47. Kf3 Ne5+ 48. Kf4 Ng6+ 49. Kg5 Kf7 50. Nf4 Ne5 51. h4 Kg7 52. Kf5
Nf3 53. h5 Kh6 54. Kf6 Ne5 55. g5+ Kh7 56. g6+ Kh8 57. Ne6 Kg8 58. h6 Kh8 59.
g7+ Kh7 60. Nf8+ Kg8 61. h7# 1-0

[Event "NAYCC U10 w"]
[Site "Windsor CAN"]
[Date "2016.08.10"]
[Round "7.156"]
[White "Gilani, Mysha"]
[Black "Jain, Prisha"]
[Result "1-0"]
[WhiteElo "1472"]
[BlackElo "1316"]
[PlyCount "109"]
[EventDate "2016.08.07"]
[EventType "swiss"]
[EventRounds "9"]
[EventCountry "CAN"]

1. d4 d5 2. c4 c6 3. Nc3 e6 4. e3 Nf6 5. Bd3 dxc4 6. Bxc4 b5 7. Bd3 Nbd7 8. Nf3
Bd6 9. O-O O-O 10. e4 a6 11. e5 Bxe5 12. dxe5 Ng4 13. Bf4 Qc7 14. Qe2 Bb7 15.
h3 Ngf6 16. exf6 Qxf4 17. fxg7 Kxg7 18. Bxh7 Kxh7 19. Qd3+ Kg8 20. Qxd7 Rab8
21. Qd4 Qxd4 22. Nxd4 c5 23. Nb3 c4 24. Nc5 Bc6 25. Nxa6 Rb6 26. Nb4 Bb7 27.
Rad1 Kg7 28. Rd4 e5 29. Rg4+ Kh7 30. Rd1 f5 31. Rd7+ Kh6 32. Rgg7 Rh8 33. Rxb7
Rxb7 34. Rxb7 Rg8 35. Rxb5 f4 36. Rxe5 f3 37. g3 Rd8 38. Rf5 Rd2 39. Rf6+ Kg5
40. Ne4+ Kh5 41. Nxd2 Kg5 42. Rxf3 c3 43. Rxc3 Kf5 44. Rf3+ Ke5 45. h4 Kd4 46.
h5 Ke5 47. h6 Kd4 48. h7 Kc5 49. h8=Q Kxb4 50. Qd4+ Kb5 51. Rf5+ Kc6 52. Qf6+
Kd7 53. Qg6 Kc7 54. Rf7+ Kd8 55. Qg8# 1-0

[Event "NAYCC U10 w"]
[Site "Windsor CAN"]
[Date "2016.08.10"]
[Round "7.157"]
[White "Kancharla, Meghana"]
[Black "Harris, Roxana"]
[Result "1-0"]
[WhiteElo "1346"]
[BlackElo "1252"]
[PlyCount "93"]
[EventDate "2016.08.07"]
[EventType "swiss"]
[EventRounds "9"]
[EventCountry "CAN"]

1. e4 e5 2. Nf3 Nc6 3. Bc4 Nf6 4. Ng5 Nxe4 5. Nxf7 Qh4 6. O-O Bc5 7. Qe2 d6 8.
Nxh8 Nxf2 9. Rxf2 Bg4 10. Qe1 Nd4 11. Kh1 O-O-O 12. Bd3 Nxc2 13. Bxc2 Bxf2 14.
Qf1 Bg3 15. h3 Re8 16. Bf5+ Bxf5 17. Qxf5+ Kb8 18. d3 Qa4 19. Nc3 Qb4 20. Qf7
Rd8 21. Qxg7 Bh4 22. Nf7 Re8 23. Qxh7 Bg3 24. Qg6 Bh4 25. Nxe5 Rd8 26. Nf3 Bf2
27. Qf6 Re8 28. Qf7 Rh8 29. Nd5 Qc5 30. Be3 Bxe3 31. Nxe3 Qxe3 32. Re1 Qxe1+
33. Nxe1 Rc8 34. g4 Rh8 35. Kg2 b6 36. Kg3 Kb7 37. h4 Kc6 38. g5 Kc5 39. g6 Rh5
40. g7 Re5 41. g8=Q Rxe1 42. Qg5+ Kd4 43. Qff4+ Kxd3 44. Qd5+ Ke2 45. Qfe4+ Kf1
46. Qef5+ Kg1 47. Qf2# 1-0

[Event "NAYCC U10 w"]
[Site "Windsor CAN"]
[Date "2016.08.10"]
[Round "7.158"]
[White "Shen, Isamel"]
[Black "Zhang, Wendy"]
[Result "1-0"]
[WhiteElo "1229"]
[BlackElo "848"]
[PlyCount "139"]
[EventDate "2016.08.07"]
[EventType "swiss"]
[EventRounds "9"]
[EventCountry "CAN"]

1. e4 e5 2. Nf3 Nc6 3. Bb5 Bd6 4. d3 Nf6 5. O-O O-O 6. Nc3 a6 7. Ba4 b5 8. Bb3
Bc5 9. a3 d6 10. h3 h6 11. Be3 Ba7 12. Ne2 Be6 13. Ng3 Nh7 14. Qd2 Bxe3 15.
fxe3 Qf6 16. Nd4 Qg6 17. Nxc6 Qxg3 18. Qf2 Qxf2+ 19. Rxf2 Bxb3 20. cxb3 Rfe8
21. Rc1 Ng5 22. Nb4 Ne6 23. Nd5 Rac8 24. a4 bxa4 25. bxa4 Nc5 26. Rc3 Nxa4 27.
Rxc7 Rxc7 28. Nxc7 Rb8 29. Nxa6 Rxb2 30. Rxb2 Nxb2 31. d4 exd4 32. exd4 Kf8 33.
Kf2 Ke7 34. Kf3 Ke6 35. h4 f5 36. Nc7+ Kf6 37. Ne8+ Kg6 38. exf5+ Kxf5 39. g4+
Kg6 40. Nxd6 Nd3 41. Ke3 Ne1 42. Ke4 Ng2 43. Nf5 Kf7 44. Ke5 g6 45. Nd6+ Ke7
46. h5 gxh5 47. gxh5 Nh4 48. Nf5+ Nxf5 49. Kxf5 Kf7 50. d5 Ke7 51. Kg6 Kd6 52.
Kxh6 Kxd5 53. Kg7 Ke6 54. h6 Kf5 55. h7 Ke4 56. h8=Q Kd4 57. Qh5 Ke4 58. Qc5
Kf4 59. Qd5 Ke3 60. Qc4 Kf3 61. Qd4 Kg3 62. Qe4 Kf2 63. Qd3 Kg2 64. Qe3 Kh1 65.
Qe2 Kg1 66. Kg6 Kh1 67. Kg5 Kg1 68. Kg4 Kh1 69. Kg3 Kg1 70. Qe1# 1-0

[Event "NAYCC U10 w"]
[Site "Windsor CAN"]
[Date "2016.08.10"]
[Round "7.159"]
[White "Kobla, Rithika"]
[Black "Surya, Dania"]
[Result "1-0"]
[WhiteElo "953"]
[BlackElo "626"]
[PlyCount "33"]
[EventDate "2016.08.07"]
[EventType "swiss"]
[EventRounds "9"]
[EventCountry "CAN"]

1. e4 d5 2. exd5 Qxd5 3. Nc3 Qa5 4. Nf3 Bg4 5. Bc4 Nc6 6. h3 Bh5 7. O-O Ne5 8.
g4 Nxf3+ 9. Qxf3 Bg6 10. Qxb7 Rd8 11. Bb5+ Qxb5 12. Nxb5 Bxc2 13. Nxc7+ Kd7 14.
Nb5+ Ke8 15. Qc6+ Rd7 16. Qc8+ Rd8 17. Nc7# 1-0

[Event "NAYCC U10 w"]
[Site "Windsor CAN"]
[Date "2016.08.10"]
[Round "7.160"]
[White "Yeung, Sydney"]
[Black "Tao, Kaitlyn"]
[Result "0-1"]
[WhiteElo "742"]
[BlackElo "626"]
[PlyCount "90"]
[EventDate "2016.08.07"]
[EventType "swiss"]
[EventRounds "9"]
[EventCountry "CAN"]

1. e4 e5 2. Nf3 Nc6 3. Bc4 Bc5 4. Nc3 Nf6 5. O-O O-O 6. d3 h6 7. Bd2 d6 8. Nd5
Bg4 9. h3 Bh5 10. Bc3 Nd4 11. g4 Nxg4 12. hxg4 Bxg4 13. Bxd4 Bxd4 14. c3 Bxf3
15. Qxf3 Qg5+ 16. Qg2 Qh4 17. cxd4 exd4 18. Qg3 Qxg3+ 19. fxg3 c6 20. Nb4 c5
21. Nc2 Rae8 22. b4 Re5 23. Rf5 Rxf5 24. exf5 cxb4 25. Nxd4 Re8 26. Re1 Rxe1+
27. Kf2 b3 28. axb3 Re8 29. Nb5 d5 30. Bxd5 Re5 31. Bc4 Rxf5+ 32. Kg2 a6 33.
Nc3 b5 34. Bd5 b4 35. Be4 bxc3 36. Bxf5 c2 37. d4 c1=Q 38. d5 Qd2+ 39. Kh3 Qxd5
40. Bg4 Qxb3 41. Bd7 a5 42. Kh4 a4 43. Bxa4 Qxa4+ 44. g4 f5 45. Kh5 Qxg4# 0-1

[Event "NAYCC U10 w"]
[Site "Windsor CAN"]
[Date "2016.08.10"]
[Round "7.161"]
[White "Zhou, Madison"]
[Black "Kondakova, Elena"]
[Result "0-1"]
[WhiteElo "737"]
[BlackElo "1182"]
[PlyCount "116"]
[EventDate "2016.08.07"]
[EventType "swiss"]
[EventRounds "9"]
[EventCountry "CAN"]

1. e4 g6 2. Nf3 Bg7 3. Nc3 e5 4. Bc4 Nf6 5. O-O c6 6. d4 exd4 7. Nxd4 d5 8.
exd5 cxd5 9. Bb5+ Bd7 10. Bxd7+ Nbxd7 11. Bg5 O-O 12. Nxd5 Nb6 13. Nxf6+ Bxf6
14. Bxf6 Qxf6 15. Re1 Rfe8 16. Nf3 Qxb2 17. Rb1 Rxe1+ 18. Qxe1 Qxc2 19. Ra1 Nd5
20. Nd4 Qb2 21. Nb3 Rd8 22. h3 Nc3 23. Nc5 Nxa2 24. Rd1 Rxd1 25. Qxd1 Qb6 26.
Ne4 a5 27. Qa1 Qe6 28. Nc5 Qc4 29. Nxb7 a4 30. Nd6 Qc1+ 31. Qxc1 Nxc1 32. Nb5
Kg7 33. Kf1 Kf6 34. Ke1 Nd3+ 35. Kd2 Nxf2 36. Kc3 Ke5 37. Kb4 Kf4 38. Kxa4 Kg3
39. Nd4 Kxg2 40. h4 f5 41. Ne6 Nh3 42. Nf8 f4 43. Ne6 f3 44. Nd4 f2 45. Kb4
f1=Q 46. Nc2 Qf4+ 47. Kc5 Qc1 48. Kd5 Qxc2 49. h5 Qf5+ 50. Kd4 Qxh5 51. Kc3 Qd5
52. Kb2 Kf3 53. Ka1 g5 54. Kb2 g4 55. Ka1 g3 56. Kb1 Qd2 57. Ka1 g2 58. Kb1
g1=R# 0-1

[Event "NAYCC U10 w"]
[Site "Windsor CAN"]
[Date "2016.08.10"]
[Round "7.162"]
[White "Wang, Jenna"]
[Black "Sivapathasundaram, Nithusa"]
[Result "1-0"]
[WhiteElo "685"]
[BlackElo "638"]
[PlyCount "89"]
[EventDate "2016.08.07"]
[EventType "swiss"]
[EventRounds "9"]
[EventCountry "CAN"]

1. e4 e5 2. Nf3 Nc6 3. Bc4 Bc5 4. Nc3 Nf6 5. d3 O-O 6. Bg5 d6 7. h3 Bd7 8. O-O
h6 9. Bh4 g5 10. Bxg5 hxg5 11. Nxg5 Qe8 12. Qf3 Be6 13. Qxf6 Qe7 14. Qxe7 Nxe7
15. Bxe6 fxe6 16. Nxe6 Rfc8 17. Nxc5 dxc5 18. f4 exf4 19. Rxf4 Nc6 20. Rg4+ Kf8
21. Rf1+ Ke7 22. Rf5 Nb4 23. Rxc5 Nxc2 24. Nd5+ Kd6 25. Rxc2 c6 26. Ne3 Rf8 27.
d4 b5 28. d5 c5 29. Nd1 c4 30. h4 Kc5 31. a3 b4 32. Rg3 b3 33. Rcc3 Kd4 34. Nf2
Rac8 35. Rh3 a5 36. g4 a4 37. g5 Ke5 38. Rc1 Rc5 39. g6 Kf4 40. Rf1 c3 41. Nd3+
Kxe4 42. Nxc5+ Kxd5 43. Rxf8 cxb2 44. Rf1 Kxc5 45. g7 1-0

[Event "NAYCC U10 w"]
[Site "Windsor CAN"]
[Date "2016.08.11"]
[Round "8.153"]
[White "Gorti, Atmika"]
[Black "Pang, Ashley"]
[Result "1-0"]
[WhiteElo "1576"]
[BlackElo "1107"]
[PlyCount "119"]
[EventDate "2016.08.07"]
[EventType "swiss"]
[EventRounds "9"]
[EventCountry "CAN"]

1. e4 e5 2. Nf3 Nc6 3. Bb5 Nf6 4. d3 h6 5. O-O d6 6. c3 Bd7 7. Be3 Be7 8. Nbd2
a6 9. Ba4 O-O 10. Re1 Nh7 11. Nf1 Ng5 12. Nxg5 Bxg5 13. Bb3 Be6 14. Bc2 f5 15.
d4 exd4 16. cxd4 Bd7 17. f4 Be7 18. a3 Qe8 19. e5 d5 20. Bf2 Be6 21. Ng3 Bh4
22. Qf3 Nxd4 23. Bxd4 Qb5 24. Re2 c5 25. Bd3 Qc6 26. Bf2 b5 27. Rc1 Rac8 28.
Rxc5 Qd7 29. Rec2 Rxc5 30. Rxc5 Be7 31. Rc1 Rc8 32. Rd1 d4 33. Qh5 Rf8 34. b4
Kh7 35. Bc2 Qc8 36. Bb1 g6 37. Qf3 Rd8 38. Bxd4 Bd5 39. Qf2 Bb3 40. Re1 Qc4 41.
Bb6 Rb8 42. Qe3 Qe6 43. Bc5 Bxc5 44. Qxc5 Kg8 45. Ne2 Rc8 46. Nd4 Rxc5 47. Nxe6
Rc3 48. Nd4 Kf7 49. Nxb3 Rxb3 50. Ba2 Ke7 51. Bxb3 Ke8 52. e6 Ke7 53. Bd5 g5
54. Bb7 a5 55. bxa5 Ke8 56. e7 gxf4 57. Bc6+ Kf7 58. e8=Q+ Kf6 59. Qe7+ Kg6 60.
Be8# 1-0

[Event "NAYCC U10 w"]
[Site "Windsor CAN"]
[Date "2016.08.11"]
[Round "8.154"]
[White "Wisniowski, Natalie"]
[Black "Kancharla, Meghana"]
[Result "1-0"]
[WhiteElo "1333"]
[BlackElo "1346"]
[PlyCount "97"]
[EventDate "2016.08.07"]
[EventType "swiss"]
[EventRounds "9"]
[EventCountry "CAN"]

1. e4 e5 2. Nf3 Nc6 3. Nc3 Nf6 4. Bb5 Bc5 5. O-O d6 6. h3 Bd7 7. d3 h6 8. Re1
O-O 9. a3 Nh7 10. Bd2 Qf6 11. Nd5 Qd8 12. Be3 Bb6 13. Bxb6 axb6 14. Re3 Ne7 15.
Nxe7+ Qxe7 16. Bxd7 Qxd7 17. Nh4 Rfe8 18. Nf5 Re6 19. Qg4 Rg6 20. Nxh6+ gxh6
21. Qxd7 Nf6 22. Qxc7 Ne8 23. Qxb7 Rd8 24. Qxb6 Rc8 25. Qb3 Kg7 26. Rg3 Rxg3
27. fxg3 Nf6 28. Rf1 Kg6 29. a4 Rc7 30. a5 Ra7 31. Qb6 Rd7 32. a6 Ne8 33. a7
Rxa7 34. Qxa7 Nf6 35. Rxf6+ Kxf6 36. Kf2 Ke6 37. Kf3 Kf6 38. d4 exd4 39. Qxd4+
Ke7 40. e5 dxe5 41. Qxe5+ Kf8 42. Qh8+ Ke7 43. Qxh6 Ke8 44. Ke4 Ke7 45. Ke5 Ke8
46. Kd6 f6 47. Qh7 Kf8 48. Ke6 Ke8 49. Qh8# 1-0

[Event "NAYCC U10 w"]
[Site "Windsor CAN"]
[Date "2016.08.11"]
[Round "8.155"]
[White "Pask, Katherine"]
[Black "Gilani, Mysha"]
[Result "0-1"]
[WhiteElo "1198"]
[BlackElo "1472"]
[PlyCount "108"]
[EventDate "2016.08.07"]
[EventType "swiss"]
[EventRounds "9"]
[EventCountry "CAN"]

1. e4 e5 2. Nf3 Nc6 3. Bc4 Bc5 4. Nc3 Nf6 5. d3 d6 6. Be3 Bb6 7. h3 h6 8. Qd2
O-O 9. Nd5 Nxd5 10. Bxd5 Bxe3 11. Qxe3 Be6 12. Bb3 Nb4 13. Qd2 Nc6 14. O-O Qf6
15. Qe3 Ne7 16. c3 Qg6 17. Kh2 c6 18. Ng1 b6 19. f4 Bxb3 20. axb3 exf4 21. Qxf4
d5 22. Rae1 dxe4 23. Rxe4 Nd5 24. Qf2 f5 25. Re2 f4 26. Rfe1 Qxd3 27. Nf3 Ne3
28. Rd2 Qg6 29. Ne5 Qh5 30. Nf3 Ng4+ 31. Kg1 Nxf2 32. Rxf2 Rae8 33. Ref1 Qf7
34. Nh2 Qxb3 35. Ng4 h5 36. Nh2 g5 37. Nf3 g4 38. Nh4 g3 39. Rf3 Qxb2 40. Ng6
Re2 41. Nxf4 Rxf4 42. Rxg3+ Kh7 43. Rxf4 Qc1+ 44. Rf1 Re1 45. Rgf3 Rxf1+ 46.
Rxf1 Qxc3 47. Rf7+ Kg6 48. Rf1 Qd4+ 49. Kh1 a5 50. Kh2 a4 51. Re1 a3 52. Re6+
Kf5 53. Rxc6 a2 54. Rc1 Qf4+ 0-1

[Event "NAYCC U10 w"]
[Site "Windsor CAN"]
[Date "2016.08.11"]
[Round "8.156"]
[White "Velea, Stephanie"]
[Black "Kobla, Rithika"]
[Result "0-1"]
[WhiteElo "1268"]
[BlackElo "953"]
[PlyCount "74"]
[EventDate "2016.08.07"]
[EventType "swiss"]
[EventRounds "9"]
[EventCountry "CAN"]

1. e4 c5 2. Nf3 d6 3. d4 cxd4 4. Nxd4 Nf6 5. Nc3 Nc6 6. Bb5 Bd7 7. Be3 e6 8.
O-O Be7 9. h3 O-O 10. Qd2 Qc7 11. Nf3 a6 12. Ba4 Qa5 13. Bb3 b5 14. a3 b4 15.
axb4 Qxb4 16. Qd3 Qb7 17. Bg5 Nb4 18. Qd2 Rfe8 19. Bxf6 Bxf6 20. Rfe1 Qc7 21.
Red1 Be7 22. e5 d5 23. Ne2 Rac8 24. c3 Nc6 25. Bc2 Ra8 26. c4 Nxe5 27. Nxe5
Qxe5 28. Nc3 Bd6 29. g3 Bc6 30. Ra2 Bc5 31. cxd5 Qxg3+ 32. Kf1 Qxh3+ 33. Kg1
exd5 34. Nxd5 Rad8 35. Qg5 Rxd5 36. Qc1 Qg3+ 37. Kh1 Rh5# 0-1

[Event "NAYCC U10 w"]
[Site "Windsor CAN"]
[Date "2016.08.11"]
[Round "8.157"]
[White "Shen, Isamel"]
[Black "Tao, Kaitlyn"]
[Result "1-0"]
[WhiteElo "1229"]
[BlackElo "626"]
[PlyCount "73"]
[EventDate "2016.08.07"]
[EventType "swiss"]
[EventRounds "9"]
[EventCountry "CAN"]

1. e4 e5 2. Nf3 Nc6 3. Bb5 Nf6 4. O-O Nxe4 5. Re1 Ng5 6. Nxe5 Nxe5 7. Rxe5+ Be7
8. d4 O-O 9. Nc3 d6 10. Re1 Bd7 11. Bd3 c6 12. Be3 d5 13. Qd2 Bh3 14. Qe2 Qd7
15. Bxg5 Bxg5 16. Qh5 Bf5 17. Qxg5 Bxd3 18. cxd3 Rfe8 19. Kf1 h6 20. Qg3 Kf8
21. Rxe8+ Rxe8 22. Re1 h5 23. Rxe8+ Qxe8 24. Qe3 Qxe3 25. fxe3 Ke7 26. Kf2 f5
27. Kf3 g6 28. e4 Ke6 29. e5 g5 30. g3 g4+ 31. Kf4 b5 32. a3 a5 33. b4 axb4 34.
axb4 Ke7 35. Kxf5 Kd7 36. Kf6 Ke8 37. Ke6 {time} 1-0

[Event "NAYCC U10 w"]
[Site "Windsor CAN"]
[Date "2016.08.11"]
[Round "8.158"]
[White "Kaur, Aradh"]
[Black "Jain, Prisha"]
[Result "1/2-1/2"]
[WhiteElo "1198"]
[BlackElo "1316"]
[PlyCount "102"]
[EventDate "2016.08.07"]
[EventType "swiss"]
[EventRounds "9"]
[EventCountry "CAN"]

1. e4 c5 2. Nf3 Nc6 3. d4 cxd4 4. Nxd4 g6 5. Nc3 Bg7 6. Be3 Nf6 7. Bc4 O-O 8.
O-O Ng4 9. Nxc6 dxc6 10. Bd2 Qb6 11. Bb3 Bd4 12. Qf3 a5 13. a4 Qc5 14. h3 Nf6
15. Bh6 Rd8 16. Rae1 Qh5 17. Qxh5 Nxh5 18. Rd1 b6 19. Ne2 Ba6 20. Rxd4 Rxd4 21.
Nxd4 Bxf1 22. Kxf1 c5 23. Nc6 e6 24. e5 Ng7 25. Bxg7 Kxg7 26. Ke2 Kf8 27. Bc4
Kg7 28. Bd3 Kh6 29. Be4 Rc8 30. Na7 Rd8 31. Nb5 Kg5 32. Nd6 Rf8 33. g3 f5 34.
Bd3 f4 35. gxf4+ Rxf4 36. Ke3 Rxa4 37. Nf7+ Kh5 38. Kf3 Kh4 39. Be2 Rd4 40. Bd3
c4 41. Be2 Kxh3 42. Ng5+ Kh4 43. Nxe6 Rd7 44. Bxc4 Re7 45. Ke4 Kg4 46. f3+ Kg3
47. Nd4 h5 48. Kd5 h4 49. Bf1 Kf2 50. Bh3 Kg3 51. Bg4 h3 1/2-1/2

[Event "NAYCC U10 w"]
[Site "Windsor CAN"]
[Date "2016.08.11"]
[Round "8.159"]
[White "Harris, Roxana"]
[Black "Wang, Jenna"]
[Result "1-0"]
[WhiteElo "1252"]
[BlackElo "685"]
[PlyCount "73"]
[EventDate "2016.08.07"]
[EventType "swiss"]
[EventRounds "9"]
[EventCountry "CAN"]

1. e4 e5 2. Nf3 Nc6 3. Bb5 Nf6 4. O-O d6 5. d4 Bd7 6. Bxc6 Bxc6 7. Nc3 Bxe4 8.
Nxe4 Nxe4 9. dxe5 dxe5 10. Qxd8+ Rxd8 11. Re1 Bb4 12. c3 Bc5 13. Rxe4 Rd1+ 14.
Re1 Rxe1+ 15. Nxe1 O-O 16. Be3 Bd6 17. b4 a6 18. Bc5 Bxc5 19. bxc5 c6 20. Rb1
Rb8 21. Nd3 e4 22. Ne5 h6 23. Nxc6 Kf8 24. Nxb8 Ke7 25. Rxb7+ Ke6 26. c6 Kd6
27. c7 Ke5 28. c8=Q e3 29. Nc6+ Ke4 30. Re7+ Kd3 31. Rxe3+ Kd2 32. Qd7+ Kc2 33.
Nb4+ Kb2 34. Qd2+ Ka3 35. c4+ Ka4 36. Nxa6 f5 37. Qb4# 1-0

[Event "NAYCC U10 w"]
[Site "Windsor CAN"]
[Date "2016.08.11"]
[Round "8.160"]
[White "Surya, Dania"]
[Black "Kondakova, Elena"]
[Result "0-1"]
[WhiteElo "626"]
[BlackElo "1182"]
[PlyCount "48"]
[EventDate "2016.08.07"]
[EventType "swiss"]
[EventRounds "9"]
[EventCountry "CAN"]

1. e4 g6 2. d4 Bg7 3. Nf3 c6 4. Nc3 d5 5. exd5 cxd5 6. Bb5+ Bd7 7. Bxd7+ Nxd7
8. O-O Ngf6 9. Bf4 O-O 10. h3 Nb6 11. Qc1 Ne4 12. Bh6 Nxc3 13. bxc3 Rc8 14.
Bxg7 Kxg7 15. Qd2 Na4 16. Rfb1 Nxc3 17. Rxb7 Rc7 18. Rxc7 Qxc7 19. Nh4 Rb8 20.
Qg5 Ne2+ 21. Kf1 Nxd4 22. Rd1 Qxc2 23. Qd2 Qxd2 24. Rxd2 Rb1+ 0-1

[Event "NAYCC U10 w"]
[Site "Windsor CAN"]
[Date "2016.08.11"]
[Round "8.161"]
[White "Zhang, Wendy"]
[Black "Yeung, Sydney"]
[Result "1-0"]
[WhiteElo "848"]
[BlackElo "742"]
[PlyCount "91"]
[EventDate "2016.08.07"]
[EventType "swiss"]
[EventRounds "9"]
[EventCountry "CAN"]

1. e4 e5 2. Nf3 Nc6 3. Bc4 Bc5 4. O-O Nf6 5. d3 h6 6. Be3 Bxe3 7. fxe3 O-O 8.
Nc3 d6 9. h3 Bd7 10. Qe1 Nh5 11. Nh4 Qe7 12. Ng6 Qg5 13. Nh4 Qg3 14. Qxg3 Nxg3
15. Rf3 Nh5 16. Ng6 Rfe8 17. Bxf7+ Kh7 18. Raf1 Red8 19. Nd5 Rac8 20. Nde7 Rb8
21. Nd5 Be8 22. Bxe8 Rxe8 23. g4 Kxg6 24. gxh5+ Kxh5 25. Rg3 g5 26. Nf6+ Kg6
27. Nxe8 Rxe8 28. h4 Kh5 29. hxg5 hxg5 30. Rf7 Ne7 31. Rg7 Kh6 32. R7xg5 Rg8
33. Rxg8 Nxg8 34. Rxg8 Kh7 35. Rg2 Kh6 36. d4 exd4 37. exd4 Kh7 38. Kf2 Kh6 39.
Kf3 Kh7 40. Kf4 c6 41. e5 dxe5+ 42. dxe5 b5 43. e6 Kh8 44. e7 Kh7 45. e8=Q a5
46. Qh5# 1-0

[Event "NAYCC U10 w"]
[Site "Windsor CAN"]
[Date "2016.08.11"]
[Round "8.162"]
[White "Sivapathasundaram, Nithusa"]
[Black "Ye, Sarah"]
[Result "1/2-1/2"]
[WhiteElo "638"]
[BlackElo "914"]
[PlyCount "45"]
[EventDate "2016.08.07"]
[EventType "swiss"]
[EventRounds "9"]
[EventCountry "CAN"]

1. e4 e5 2. Nf3 Nc6 3. Bc4 Bc5 4. O-O Nf6 5. d3 h6 6. Bd2 O-O 7. Nc3 d6 8. h3
Be6 9. Bxe6 fxe6 10. Qe2 Nd4 11. Nxd4 Bxd4 12. Be3 Bb6 13. Bxb6 axb6 14. Rad1
Nd7 15. d4 exd4 16. Rxd4 Qg5 17. Qg4 Qxg4 18. hxg4 Rf4 19. f3 d5 20. Ne2 Rf6
21. exd5 e5 22. Rdd1 Rxa2 23. Rb1 1/2-1/2

[Event "NAYCC U10 w"]
[Site "Windsor CAN"]
[Date "2016.08.11"]
[Round "9.153"]
[White "Gilani, Mysha"]
[Black "Gorti, Atmika"]
[Result "0-1"]
[WhiteElo "1472"]
[BlackElo "1576"]
[PlyCount "76"]
[EventDate "2016.08.07"]
[EventType "swiss"]
[EventRounds "9"]
[EventCountry "CAN"]

1. d4 Nf6 2. c4 g6 3. Nc3 d5 4. cxd5 Nxd5 5. e4 Nxc3 6. bxc3 Bg7 7. Nf3 c5 8.
Be2 Nc6 9. Bb2 O-O 10. O-O Qc7 11. Qc2 Rd8 12. Rad1 Bg4 13. h3 Bxf3 14. Bxf3
Rac8 15. Bg4 Rb8 16. e5 h5 17. Bf3 Qb6 18. Qb3 Qc7 19. Bd5 e6 20. Be4 Rd7 21.
Rfe1 Rbd8 22. Bxc6 Qxc6 23. f4 Bh6 24. Rf1 cxd4 25. cxd4 Bg7 26. Rd3 Qe4 27.
Re3 Qd5 28. Qxd5 Rxd5 29. Rb3 R5d7 30. g4 hxg4 31. hxg4 Rc8 32. f5 Rc2 33. fxg6
fxg6 34. a4 b6 35. Rb4 Bh6 36. Rf6 Be3+ 37. Kf1 Rh7 38. Rxg6+ Kh8 0-1

[Event "NAYCC U10 w"]
[Site "Windsor CAN"]
[Date "2016.08.11"]
[Round "9.154"]
[White "Wisniowski, Natalie"]
[Black "Shen, Isamel"]
[Result "1/2-1/2"]
[WhiteElo "1333"]
[BlackElo "1229"]
[PlyCount "51"]
[EventDate "2016.08.07"]
[EventType "swiss"]
[EventRounds "9"]
[EventCountry "CAN"]

1. e4 e5 2. Nf3 Nc6 3. Nc3 Nf6 4. Bb5 Bc5 5. O-O d6 6. h3 O-O 7. d3 h6 8. Re1
a6 9. Ba4 b5 10. Bb3 Na5 11. Bd2 Nxb3 12. axb3 Be6 13. Qe2 c6 14. Be3 Bb6 15.
Bxb6 Qxb6 16. Qe3 Qc7 17. Nh4 Rfe8 18. Qf3 d5 19. exd5 cxd5 20. Qe2 Bd7 21. Nf3
e4 22. dxe4 dxe4 23. Nd4 b4 24. Na4 Rad8 25. Rad1 Qa7 26. Qc4 1/2-1/2

[Event "NAYCC U10 w"]
[Site "Windsor CAN"]
[Date "2016.08.11"]
[Round "9.155"]
[White "Pang, Ashley"]
[Black "Kobla, Rithika"]
[Result "1-0"]
[WhiteElo "1107"]
[BlackElo "953"]
[PlyCount "61"]
[EventDate "2016.08.07"]
[EventType "swiss"]
[EventRounds "9"]
[EventCountry "CAN"]

1. e4 c5 2. d4 cxd4 3. c3 dxc3 4. Nxc3 Nc6 5. Bc4 Nf6 6. Nf3 e6 7. O-O Bb4 8.
Re1 O-O 9. Bg5 h6 10. Bh4 d6 11. Re3 Bc5 12. Rd3 Qc7 13. Bxf6 gxf6 14. Qd2 Nb4
15. Nb5 Qe7 16. Rb3 a5 17. Qxh6 d5 18. Nfd4 Bd6 19. Nxd6 Qxd6 20. Rg3+ Qxg3 21.
fxg3 dxc4 22. Qxf6 Nd3 23. h4 Kh7 24. h5 Rg8 25. Rf1 Rg7 26. h6 Rxg3 27. Qxf7+
Kh8 28. Rf3 Ne5 29. Qf6+ Kh7 30. Rxg3 Ng6 31. Qg7# 1-0

[Event "NAYCC U10 w"]
[Site "Windsor CAN"]
[Date "2016.08.11"]
[Round "9.156"]
[White "Velea, Stephanie"]
[Black "Pask, Katherine"]
[Result "1-0"]
[WhiteElo "1268"]
[BlackElo "1198"]
[PlyCount "135"]
[EventDate "2016.08.07"]
[EventType "swiss"]
[EventRounds "9"]
[EventCountry "CAN"]

1. e4 e5 2. Nf3 Nc6 3. Nc3 Nf6 4. Bb5 d6 5. d4 a6 6. Bxc6+ bxc6 7. dxe5 Nd7 8.
Bf4 Nb6 9. exd6 cxd6 10. O-O Be7 11. Qd3 O-O 12. Rad1 a5 13. Bxd6 Ba6 14. Bxe7
Qxe7 15. Qe3 Nc4 16. Qc1 Rab8 17. Rd4 Nxb2 18. Re1 Nc4 19. Red1 Rfe8 20. Nd2
Ne5 21. Nb3 Ng4 22. Qf4 Nf6 23. f3 c5 24. Nd5 Nxd5 25. Rxd5 Rbd8 26. Rxd8 Rxd8
27. Rxd8+ Qxd8 28. Kf2 h6 29. Qd2 Qxd2+ 30. Nxd2 Kf8 31. Nb3 Bc4 32. g3 Ke7 33.
Ke3 Kd6 34. Nxa5 Ba6 35. Nb3 Kc6 36. Kd2 Kb5 37. Kc3 f6 38. a4+ Kxa4 39. Nxc5+
Kb5 40. Nxa6 Kxa6 41. Kd4 Kb6 42. e5 Kc7 43. Kd5 fxe5 44. Kxe5 Kd7 45. Kf5 Ke7
46. Kg6 Kf8 47. c4 Ke8 48. Kxg7 Kd7 49. Kxh6 Kd6 50. g4 Kc5 51. g5 Kxc4 52. g6
Kd5 53. g7 Kd4 54. g8=Q Ke3 55. Qf8 Kd3 56. f4 Ke4 57. f5 Ke3 58. f6 Ke4 59. f7
Ke5 60. Qe7+ Kd5 61. f8=R Kc6 62. Rf6+ Kd5 63. Qb4 Ke5 64. Rg6 Kf5 65. Rg5+ Ke6
66. Qb6+ Kd7 67. Rg7+ Kc8 68. Qc7# 1-0